Kemiskinan dan implikasinya : kajian perbandingan tiga gerakan tani /
Saved in:
| 主要作者: | |
|---|---|
| 格式: | Thesis 图书 |
| 语言: | Malay |
| 出版: |
1987
|
| 主题: | |
| 标签: |
添加标签
没有标签, 成为第一个标记此记录!
|
| LEADER | 01347cam a2200313 4500 | ||
|---|---|---|---|
| 001 | u83865 | ||
| 003 | SIRSI | ||
| 008 | 890921s1987 my ab mt q0 may | ||
| 035 | |a AAJ-1246 | ||
| 040 | |a UMM | ||
| 043 | |a a-my-ke |a a-my-se | ||
| 090 | |a HC445.5 |b Z9P63Sitn | ||
| 091 | |a Microfiche 10772 | ||
| 100 | 0 | 0 | |a Siti Nor Abd. Hamid. |
| 245 | 1 | 0 | |a Kemiskinan dan implikasinya : |b kajian perbandingan tiga gerakan tani / |c oleh Siti Nor Abd. Hamid |
| 260 | |c 1987 | ||
| 300 | |a xviii, 215 leaves : |b ill.,maps ; |c 30cm | ||
| 500 | |a Also available on microfiche. Kuala Lumpur : Perpustakaan Universiti Malaya, 1996. 3 fiches : negative ; 11x15cm | ||
| 502 | |a Dissertation (M.Phil.) - Institut Pengajian Tinggi, Universiti Malaya, 1987. | ||
| 504 | |a Bibliography: leaves 207-214 | ||
| 650 | 0 | |a Poor |z Malaysia. | |
| 651 | 0 | |a Sabak Bernam (Selangor) |x Economic conditions. | |
| 651 | 0 | |a Baling (Kedah) |x Economic conditions. | |
| 651 | 0 | |a Muda (Kedah) |x Economic conditions. | |
| 710 | 2 | 0 | |a Universiti Malaya. |b Institut Pengajian Tinggi. |
| 948 | |a 17/03/1991 |b 10/09/2003 | ||
| 596 | |a 1 | ||
| 999 | |a HC445.5 Z9P63SITN [F] |w LC |c 1 |i A500004864 |d 6/4/2013 |e 6/4/2013 |l B_KOM4 |m P01UTAMA |n 3 |r Y |s Y |t TESIS |u 23/10/1991 |o .PUBLIC. BKOM 4 : 28370 | ||
| 999 | |a HC445.5 Z9P63SITN [F] |w LC |c 2 |i A010607739 |d 20/3/2014 |e 20/3/2014 |l STACKS |m P01UTAMA |n 74 |r Y |s Y |t TESIS |u 24/10/1991 | ||
